<?xml version="1.0" encoding="UTF-8"?>
<record
    xmlns:xsi="http://www.w3.org/2001/XMLSchema-instance"
    xsi:schemaLocation="http://www.loc.gov/MARC21/slim http://www.loc.gov/standards/marcxml/schema/MARC21slim.xsd"
    xmlns="http://www.loc.gov/MARC21/slim">

  <leader>02072nam a2200373 a 4500</leader>
  <controlfield tag="003">DO-SdBNP</controlfield>
  <controlfield tag="005">20250408123232.0</controlfield>
  <controlfield tag="007">ta</controlfield>
  <controlfield tag="008">211229e2014    dr ||||er|||| 001 pdspa d</controlfield>
  <datafield tag="020" ind1=" " ind2=" ">
    <subfield code="a">9789945498233</subfield>
  </datafield>
  <datafield tag="040" ind1=" " ind2=" ">
    <subfield code="a">DO-SdBNP</subfield>
    <subfield code="b">spa</subfield>
    <subfield code="c">BNPHU</subfield>
  </datafield>
  <datafield tag="082" ind1=" " ind2="4">
    <subfield code="2">22</subfield>
    <subfield code="b">P796c</subfield>
  </datafield>
  <datafield tag="245" ind1="1" ind2="0">
    <subfield code="a">Ponencias del coloquio Henri Meschonnic /</subfield>
    <subfield code="c">Manuel Matos Moquete, [et...al] ; Editor, Di&#xF3;genes C&#xE9;spedes; Presentaci&#xF3;n, Rafael Morla</subfield>
  </datafield>
  <datafield tag="260" ind1=" " ind2=" ">
    <subfield code="a">Santo Domingo :</subfield>
    <subfield code="b">Universitaria - UASD, </subfield>
    <subfield code="c">2014</subfield>
  </datafield>
  <datafield tag="300" ind1=" " ind2=" ">
    <subfield code="a">181 p. ; </subfield>
    <subfield code="c">23 cm.</subfield>
  </datafield>
  <datafield tag="490" ind1=" " ind2=" ">
    <subfield code="a">Ling&#xFC;&#xED;stica y sociedad;</subfield>
    <subfield code="v">100</subfield>
  </datafield>
  <datafield tag="490" ind1=" " ind2=" ">
    <subfield code="a">Universidad Aut&#xF3;noma de Santo Domingo;</subfield>
    <subfield code="v">1590</subfield>
  </datafield>
  <datafield tag="500" ind1=" " ind2=" ">
    <subfield code="a">Incluye datos biogr&#xE1;ficos de los autores, p. 173-181</subfield>
  </datafield>
  <datafield tag="505" ind1="0" ind2=" ">
    <subfield code="a">Presentaci&#xF3;n.</subfield>
  </datafield>
  <datafield tag="505" ind1="0" ind2=" ">
    <subfield code="a">Introducci&#xF3;n.</subfield>
  </datafield>
  <datafield tag="505" ind1="0" ind2=" ">
    <subfield code="a">Resoluci&#xF3;n No. 2010-027 que crea la C&#xE1;tedra Extracurricular.</subfield>
    <subfield code="t">Palabras del rector Franklin Garc&#xED;a Ferm&#xED;n. /</subfield>
    <subfield code="r">Di&#xF3;genes C&#xE9;spedes.--</subfield>
    <subfield code="t">Discurso de presentaci&#xF3;n de Hugo Savino. /</subfield>
    <subfield code="r">Hugo Savino.--</subfield>
    <subfield code="t">Discurso inaugural de la C&#xE1;tedra Henri Meschonnic. /</subfield>
    <subfield code="r">Manuel Matos Moquete.--</subfield>
    <subfield code="t">Henri Meschonnic en la Cr&#xED;tica literaria Dominicana. /</subfield>
    <subfield code="r">Andr&#xE9;s Merejo.--</subfield>
    <subfield code="t">El discuros Meschonnic en el plano cultural y filos&#xF3;fico dominicano. Pasi&#xF3;n y cr&#xED;tica de los ochenta. /</subfield>
    <subfield code="r">Manuel Garc&#xED;a Cartagena.--</subfield>
    <subfield code="t">Meschonnic en la UASD: Algunos recuerdos de los a&#xF1;os ochenta. /</subfield>
    <subfield code="r">Manuel N&#xFA;&#xF1;ez.--</subfield>
    <subfield code="t">Los grandes temas de Henri Meschonnic</subfield>
    <subfield code="r">Mateo Morrison.--</subfield>
    <subfield code="t">Hacia una revisi&#xF3;n de mi concepci&#xF3;n de la poes&#xED;a y mi pr&#xE1;ctica escritural y los efectos de la po&#xE9;tica.</subfield>
  </datafield>
  <datafield tag="590" ind1=" " ind2=" ">
    <subfield code="a">Inventriado 2021 / MF</subfield>
  </datafield>
  <datafield tag="700" ind1="1" ind2=" ">
    <subfield code="a">Matos Moquete, Manuel,</subfield>
    <subfield code="d">1944-</subfield>
    <subfield code="9">6349</subfield>
  </datafield>
  <datafield tag="700" ind1="1" ind2=" ">
    <subfield code="a">Garc&#xED;a Cartagena, Manuel</subfield>
    <subfield code="9">12067</subfield>
  </datafield>
  <datafield tag="700" ind1="1" ind2=" ">
    <subfield code="a">Merejo, Andr&#xE9;s</subfield>
    <subfield code="9">469</subfield>
  </datafield>
  <datafield tag="700" ind1="1" ind2=" ">
    <subfield code="a">N&#xFA;&#xF1;ez, Manuel,</subfield>
    <subfield code="d">1957-</subfield>
    <subfield code="9">2366</subfield>
  </datafield>
  <datafield tag="700" ind1="1" ind2=" ">
    <subfield code="a">Morrison, Mateo,</subfield>
    <subfield code="d">1947-</subfield>
    <subfield code="9">1469</subfield>
  </datafield>
  <datafield tag="700" ind1="1" ind2=" ">
    <subfield code="a">C&#xE9;spedes, Di&#xF3;genes,</subfield>
    <subfield code="d">1941-</subfield>
    <subfield code="e">ed.</subfield>
    <subfield code="9">20548</subfield>
  </datafield>
  <datafield tag="700" ind1=" " ind2=" ">
    <subfield code="9">33792</subfield>
    <subfield code="a">Morla, Rafael</subfield>
    <subfield code="e">presentaci&#xF3;n.</subfield>
  </datafield>
  <datafield tag="830" ind1=" " ind2=" ">
    <subfield code="a">Ling&#xFC;&#xED;stica y sociedad;</subfield>
    <subfield code="l">spa</subfield>
    <subfield code="n">100</subfield>
    <subfield code="9">80909</subfield>
  </datafield>
  <datafield tag="830" ind1=" " ind2=" ">
    <subfield code="a">Universidad Aut&#xF3;noma de Santo Domingo;</subfield>
    <subfield code="l">spa</subfield>
    <subfield code="n">1590</subfield>
    <subfield code="9">80910</subfield>
  </datafield>
  <datafield tag="910" ind1=" " ind2=" ">
    <subfield code="a">MF&#xE9;liz</subfield>
  </datafield>
  <datafield tag="942" ind1=" " ind2=" ">
    <subfield code="2">ddc</subfield>
    <subfield code="c">LBS1</subfield>
  </datafield>
  <datafield tag="952" ind1=" " ind2=" ">
    <subfield code="0">0</subfield>
    <subfield code="1">0</subfield>
    <subfield code="2">ddc</subfield>
    <subfield code="5">1</subfield>
    <subfield code="7">0</subfield>
    <subfield code="8">PD</subfield>
    <subfield code="a">BNPHU</subfield>
    <subfield code="b">PD</subfield>
    <subfield code="c">HD</subfield>
    <subfield code="d">2021-05-03</subfield>
    <subfield code="e">Donado por Di&#xF3;genes C&#xE9;spedes</subfield>
    <subfield code="l">0</subfield>
    <subfield code="o">P796c</subfield>
    <subfield code="p">2021-28641</subfield>
    <subfield code="r">2021-12-29</subfield>
    <subfield code="w">2021-12-29</subfield>
    <subfield code="y">LFPD</subfield>
  </datafield>
  <datafield tag="999" ind1=" " ind2=" ">
    <subfield code="c">51144</subfield>
    <subfield code="d">51144</subfield>
  </datafield>
</record>
